• 首页
  • 本馆介绍
  • 公告通知
  • 最新文献
  • 馆藏检索
  • 电子资源
  • 读者导购
  • 参考咨询
  • 我的图书馆
  • 登录
  • 详细信息显示
  • 放入我的书架
  • 预约/预借图书
  • 作者相关作品
  • 分类相关作品
  • 丛书相关作品
  • 出版社相关作品

书目信息

  • 表格格式
  • 工作单格式
  • 卡片格式
题名:
图书馆学档案学名家文集
    
 
作者: ;浙江大学 编
分册:  
出版信息: 杭州   浙江大学出版社  2013.05
页数: 298页
开本: 26cm
丛书名:
单 册:
中图分类: G250.1-53 , G270-53
科图分类:
主题词: 图书馆学--文集 , 档案学--文集 , 图书馆学 , 档案学
电子资源:
ISBN: 978-7-308-11305-2
000 00974nam0 2200289 450
001 012013124966
005 20130627144854.23
010    @a978-7-308-11305-2@dCNY52.00
100    @a20130529d2013 em y0chiy0110 ea
101 0  @achi
102    @aCN@b330000
105    @aak z 000yy
106    @ar
200 1  @a图书馆学档案学名家文集@9tu shu guan xue dang an xue ming jia wen ji@f浙江大学信息资源管理系编
210    @a杭州@c浙江大学出版社@d2013.05
215    @a298页@c图@d26cm
330    @a本书主要内容包括:书次号问题浅论、大力发展图书情报专业教育是当务之急、新主题文献分类标引原则与方法的探讨(上)、新主题文献分类标引原则与方法的探讨(下)等。
333    @a图书馆学相关人员
606 0  @a图书馆学@j文集
606 0  @a档案学@j文集
606 0  @a图书馆学
606 0  @a档案学
690    @aG250.1-53@v5
690    @aG270-53@v5
711 02 @a浙江大学@9zhe jiang da xue@b信息资源管理系@4编
801  0 @aCN@b人天书店@c20130529
905    @b546796-99@dG250.1-53@e143@f4
    
    图书馆学档案学名家文集/浙江大学信息资源管理系编.-杭州:浙江大学出版社,2013.05
    298页:图;26cm
    使用对象:图书馆学相关人员
    
    ISBN 978-7-308-11305-2:CNY52.00
    本书主要内容包括:书次号问题浅论、大力发展图书情报专业教育是当务之急、新主题文献分类标引原则与方法的探讨(上)、新主题文献分类标引原则与方法的探讨(下)等。
●
相关链接 在E读中查询图书 在五车中查询图书 在当当中查询图书 在豆瓣中查询图书


正题名:图书馆学档案学名家文集     索取号:G250.1-53/143         预约/预借

序号 登录号 条形码 馆藏地/架位号 状态 备注
1 546796   205467966   第一样本阅览室/ [索取号:G250.1-53/143] 在馆    
2 546797   205467975   第四借阅区/ [索取号:G250.1-53/143] 在馆    
3 546798   205467984   第四借阅区/ [索取号:G250.1-53/143] 在馆    
4 546799   205467993   第四借阅区/ [索取号:G250.1-53/143] 在馆    
唐山师范学院图书馆 欢迎您!
大连网信软件有限公司© 版权所有